Statistiques concernant Devinez le Département Mystère #75

Cliquez ici pour prendre le quiz!

Statistiques générales

  • Ce quiz a été pris 117 fois
  • Le résultat moyen est 29 sur 37

Statistiques - réponses

Type de RéponseRéponse% Correct
Lettre TrouvéeE
100%
Lettre TrouvéeO
100%
Lettre TrouvéeR
100%
Lettre TrouvéeA
99%
Lettre de l'AlphabetN
99%
Lettre TrouvéeI
98%
Lettre de l'AlphabetS
98%
Lettre TrouvéeH
97%
Lettre TrouvéeT
96%
Lettre TrouvéeL
95%
Lettre TrouvéeU
93%
Lettre de l'AlphabetD
91%
Lettre de l'AlphabetV
91%
Lettre de l'AlphabetM
90%
Lettre de l'AlphabetC
86%
Lettre de l'AlphabetB
82%
Lettre de l'AlphabetP
78%
Lettre de l'AlphabetG
77%
Lettre de l'AlphabetF
72%
Lettre de l'AlphabetY
71%
Lettre Bien PlacéeA
68%
Lettre Bien PlacéeE
68%
Lettre Bien PlacéeE
68%
Lettre Bien PlacéeH
68%
Lettre Bien PlacéeT
68%
Lettre Bien PlacéeU
68%
Lettre de l'AlphabetJ
65%
Lettre de l'AlphabetQ
65%
Lettre de l'AlphabetX
63%
Lettre de l'AlphabetZ
63%
Lettre Bien PlacéeO
61%
Département MystèreHaute-Loire
58%
Lettre Bien PlacéeI
58%
Lettre de l'AlphabetK
58%
Lettre Bien PlacéeL
58%
Lettre Bien PlacéeR
58%
Lettre de l'AlphabetW
58%

Distribution des résultats

Percentile par nombre de réponses

% des personnes avec chaque résultat

Votre développement - résultats

Vous n’avez pas pris ce quiz